| 000 | 00608nam a2200193Ia 4500 | ||
|---|---|---|---|
| 003 | GCL | ||
| 008 | 140319s9999 xx 000 0 ara d | ||
| 040 |
_aGCL / _cGCL |
||
| 082 | 0 | 4 |
_a346.01 _bم ا |
| 100 | 1 | _aمحمد حسين منصور | |
| 245 | 1 | 0 |
_aالاحوال الشخصية لغير المسلمين / _cمحمد حسين منصور |
| 300 | _a388 ص | ||
| 490 |
_aالهيئة العامة للاستعلامات _v0 |
||
| 650 | 0 | 4 | _aالقانون |
| 650 | 0 | 4 | _aالطلاق |
| 650 | 0 | 4 | _aالزواج |
| 650 | 0 | 4 | _aالاحوال الشخصية لغير المسلمين |
| 942 |
_2ddc _cBK |
||
| 999 |
_c49259 _d49259 |
||